Muzak-I cantautori, il pop, il jazz e il rock: gli anni '70 nell'antologia di una rivista di musicaccia (Record n. 74264)

Dettagli MARC
000 -LEADER
fixed length control field 01168nam a2200325Ia 4500
001 - CONTROL NUMBER
control field 48082
003 - CONTROL NUMBER IDENTIFIER
control field IT-RoPAU
008 - FIXED-LENGTH DATA ELEMENTS--GENERAL INFORMATION
fixed length control field 130308s9999 xx 000 0 und d
040 ## - CATALOGING SOURCE
Original cataloging agency IT-RoPAU
040 ## - CATALOGING SOURCE
Transcribing agency IT-RoPAU
041 ## - LANGUAGE CODE
Language code of text/sound track or separate title ITALIANO
999 ## - SYSTEM CONTROL NUMBERS (KOHA)
Koha Dewey Subclass [OBSOLETE] SI
100 ## - MAIN ENTRY--PERSONAL NAME
Personal name Castaldo Gino
100 ## - MAIN ENTRY--PERSONAL NAME
Miscellaneous information Codice Aut. SPICS: 18354
245 ## - TITLE STATEMENT
Title Muzak-I cantautori, il pop, il jazz e il rock: gli anni '70 nell'antologia di una rivista di musicaccia
245 ## - TITLE STATEMENT
Remainder of title Muzak-I Cantautori, Il Pop, Il Jazz e Il Rock: gli Anni '70 nell'Antologia di una rivista di Musicaccia
250 ## - EDITION STATEMENT
Edition statement 1a ed.
260 ## - PUBLICATION, DISTRIBUTION, ETC. (IMPRINT)
Place of publication, distribution, etc. ROMA
260 ## - PUBLICATION, DISTRIBUTION, ETC. (IMPRINT)
Name of publisher, distributor, etc. Savelli
260 ## - PUBLICATION, DISTRIBUTION, ETC. (IMPRINT)
Date of publication, distribution, etc. 1978 [1° Ed.:1978 - Ed.Ling.Originale:1978]
300 ## - PHYSICAL DESCRIPTION
Extent "176 p. (prefazione: no ; testo: 176)"
500 ## - GENERAL NOTE
General note Portelli Alessandro Mariani B. Antologia di una rivista di Musicaccia Frank Zappa Edgard Varese Musica totale Emerson Lake Palmer Musica Elp Pink Floyd Area Hard Rock Musica Pop
650 ## - SUBJECT ADDED ENTRY--TOPICAL TERM
Topical term or geographic name as entry element GENERI MUSICALI
650 ## - SUBJECT ADDED ENTRY--TOPICAL TERM
Relator term Codice materia Spics: 7010
700 ## - ADDED ENTRY--PERSONAL NAME
Personal name Dessì SimonePintor Giaime
700 ## - ADDED ENTRY--PERSONAL NAME
Miscellaneous information Codice Aut. SPICS: 7260Codice Aut. SPICS: 2546
942 ## - ADDED ENTRY ELEMENTS (KOHA)
Koha item type LIBRO
957 ## -
-- 1
999 ## - SYSTEM CONTROL NUMBERS (KOHA)
-- 1
Dati di copia
Withdrawn status Lost status Damaged status Not for loan Home library Current library Date acquired Total Checkouts Full call number Date last seen Price effective from Koha item type Public note
    Buone Condizioni Not For Loan SPICS-MEDIATECA SPICS-MEDIATECA 08/03/2013   48082 08/03/2013 08/03/2013 LIBRO Progressivo inserimento: 49473 / N. Volumi: 1 Copie: 1 Copia Rara: SI / data import: 1 marzo 2013 - By Epidotti, Trombetti, Vaglietti.
CREDITS: SOCIETA' SAN PAOLO Via A.Severo, 58 - ROMA (RM) & PERIODICI SAN PAOLO SRL Via Giotto, 36 MILANO & CISF Via Giotto, 36 MILANO & EDIZIONI SAN PAOLO SRL,  Piazza Soncino, 5 CINISELLO BALSAMO (MI) -- ITALY